[Event "Lvov Christmas op"]
[Site "Lvov"]
[Date "2022.12.30"]
[Round "2"]
[White "Telyuk, Anastasiya"]
[Black "Popovich, Sviatoslav"]
[Result "0-1"]
[WhiteElo "1133"]
[BlackElo "2153"]
[PlyCount "112"]
[EventDate "2022.12.30"]
[EventType "swiss (rapid)"]
[EventRounds "7"]
[EventCountry "UKR"]
[SourceTitle "CBM 211 Extra"]
[Source "ChessBase"]
[SourceDate "2023.01.31"]
[SourceVersion "1"]
[SourceVersionDate "2023.01.31"]
[SourceQuality "1"]

1. e4 d6 2. d4 Nf6 3. Nc3 Nbd7 4. Nf3 e5 5. dxe5 dxe5 6. Bc4 Bb4 7. 0-0 c6 8. Ng5 0-0 9. f4 Bc5+ 10. Kh1 Be7 11. Bb3 h6 12. Nf3 exf4 13. Bxf4 Nc5 14. Qxd8 Rxd8 15. e5 Nh5 16. Be3 Be6 17. Bxe6 Nxe6 18. g4 Nhf4 19. Nd2 Ng6 20. Nf3 Bc5 21. Bxc5 Nxc5 22. Rad1 a5 23. a3 a4 24. Rfe1 Kf8 25. Nd4 Re8 26. Nf5 Rxe5 27. Rf1 f6 28. h4 Ne7 29. Nxe7 Kxe7 30. Rfe1 Rxe1+ 31. Rxe1+ Kf7 32. Ne4 Nxe4 33. Rxe4 Ra5 34. Rd4 Ke7 35. Kg2 Rb5 36. Rb4 Rxb4 37. axb4 g6 38. Kf3 Ke6 39. Ke4 f5+ 40. gxf5+ gxf5+ 41. Kd4 Kd6 42. c4 b6 43. Kd3 Ke5 44. Ke3 f4+ 45. Kf3 Kf5 46. c5 bxc5 47. bxc5 h5 48. Kf2 Kg4 49. Kg2 f3+ 50. Kf2 Kf4 51. Kf1 Kg3 52. Kg1 f2+ 53. Kf1 Kf3 54. b4 a3 55. b5 a2 56. b6 a1Q# 0-1